Výnosy z trestné činnosti, jejich odhalování, identifikace a možnosti jejich odčerpání : sborník studií /

Korporativní autor: Policejní akademie České republiky. Katedra kriminální policie
Další autoři: Dvořák, Vratislav, 1949-
Jazyk: Slovenština
Čeština
Vydáno: Praha : Pro potřeby nakl. Ivan Fojt vydala Scientia, 2010
Vydání: Vyd. 1.
Témata:
Externí odkaz: Digitalizovaný dokument
Fyzický popis: 207 s. : il. (převážně barev.) ; 21 cm
Language note: Část. slovenský text
Knihy
Uloženo v:
LEADER 02091nam a2200505 a 4500
001 nkc20112162401
003 CZ PrNK
005 20110503165620.0
007 ta
008 110124s2010 xr f 000 0 cze
015 |a cnb002162401 
020 |a 978-80-86960-66-1  |q (Scientia ;  |q brož.) 
035 |a (OCoLC)724295840 
040 |a BOA001  |b cze 
041 0 |a cze  |a slo 
072 7 |a 343  |x Trestní právo  |2 Konspekt  |9 16 
080 |a 343.537  |2 MRF 
080 |a 343.85  |2 MRF 
080 |a 341.49  |2 MRF 
080 |a (048.8:082)  |2 MRF 
245 0 0 |a Výnosy z trestné činnosti, jejich odhalování, identifikace a možnosti jejich odčerpání :  |b sborník studií /  |c [z příspěvků sestavil Vratislav Dvořák] 
250 |a Vyd. 1. 
260 |a Praha :  |b Pro potřeby nakl. Ivan Fojt vydala Scientia,  |c 2010 
300 |a 207 s. :  |b il. (převážně barev.) ;  |c 21 cm 
500 |a Nad názvem: Policejní akademie České republiky v Praze, Fakulta bezpečnostně právní, katedra kriminální policie 
500 |a 200 výt. 
504 |a Obsahuje bibliografie a bibliografické odkazy 
546 |a Část. slovenský text 
650 0 7 |a praní špinavých peněz  |7 ph127872  |2 czenas 
650 0 7 |a boj proti kriminalitě  |7 ph114184  |2 czenas 
650 0 9 |a money laundering  |2 eczenas 
650 0 9 |a crime control  |2 eczenas 
653 0 |a odčerpávání výnosů z trestné činnosti  |a zabavování výnosů z trestné činnosti 
655 7 |a kolektivní monografie  |7 fd501537  |2 czenas 
655 9 |a collective monographs  |2 eczenas 
700 1 |a Dvořák, Vratislav,  |d 1949-  |7 mzk2008448916  |4 com 
710 2 |a Policejní akademie České republiky.  |b Katedra kriminální policie  |7 kn20110110006 
856 4 1 |u http://www.digitalniknihovna.cz/mzk/uuid/uuid:ba2b2850-6890-11e8-a583-005056827e51  |y Digitalizovaný dokument  |x NDK 
910 2 |a BOA001  |b 2-1263.057 
928 9 |a Ivan Fojt 
928 9 |a Scientia 
990 |a BK 
995 |a 01 
991 |b 201103  |c NOV  |e n 
996 6 |b 2610472556  |c 2-1263.057  |l MZK  |r Sklad / do 1 hodiny  |n 4  |p p.v.  |w 001172105  |u 000010  |a 1  |e BOA001  |j MZK50  |s P